00728 2200265 4500001002100000008004100021035002000062245007300082100001700155260003800172300001200210020002200222084002000244082000800264650001200272990001800284990002000302990002000322990002000342990002000362990002000382990002000402990002000422990002000442INLIS000000000000559 ind  a0010-0724000559 aDongeng Sains Benarkah Sebenarnya Benda Malas BergerakcAnna Martina aAnna Martina aJakartabArmandelta Selarasc2008 a26 hlm. a978-979-26-7163-6 a398.245.2 ANN b a398 aFolklor aP29/CP/24/559 aP29/CP/24/559.1 aP29/CP/24/559.2 aP29/CP/24/559.3 aP29/CP/24/559.4 aP29/CP/24/559.5 aP29/CP/24/559.6 aP29/CP/24/559.7 aP29/CP/24/559.8